000 00204 a2200097 4500
020 _a9788434837973
041 _aspa
100 _aJose Luis Cortez Aguilar
245 _aUn culete independiente
942 _cK
999 _c28688
_d28688